- Percepción
Entry Materia
001 - NÚMERO DE CONTROL DEL REGISTRO
- campo de control: 17947
003 - IDENTIFICADOR DE NUMERO DE CONTROL
- campo de control: UPN
005 - FECHA Y HORA DE LA ÚLTIMA TRANSACCIÓN
- campo de control: 20220816121904.0
008 - DATOS DE LONGITUD FIJA
- campo de control de longitud fija: 220816n||acznnbabn | ana |d
010 ## - NÚMERO DE CONTROL DE LA BIBLIOTECA DEL CONGRESO (LC)
- LC control number: sh 85099708
035 ## - NÚMERO DE CONTROL DEL SISTEMA
- Número de control del sistema: UPN10000017955
040 ## - FUENTE DE LA CATALOGACIÓN
- Centro catalogador de origen: DLC
- Lengua de catalogación: spa
- Agencia de transcripción: UPN
046 ## - FECHAS CON CODIFICACIÓN ESPECIAL
- Fecha final para contenidos agregados: 2022
150 ## - ENCABEZAMIENTO - TEMÁTICO
- Término de materia o nombre geográfico como elemento inicial: Percepción
450 ## - VÉASE - MATERIA
- Encabezamiento temático: Percepción supraliminal
450 #0 - VÉASE - MATERIA
- Encabezamiento temático: Perception
550 ## - VÉASE ADEMÁS - MATERIA
- Subcampo de control: g
- Encabezamiento temático o nombre geográfico como elemento de entrada: Cognición
550 ## - VÉASE ADEMÁS - MATERIA
- Subcampo de control: g
- Encabezamiento temático o nombre geográfico como elemento de entrada: Apercepción
550 ## - VÉASE ADEMÁS - MATERIA
- Subcampo de control: g
- Encabezamiento temático o nombre geográfico como elemento de entrada: Sentidos y sensaciones
550 ## - VÉASE ADEMÁS - MATERIA
- Subcampo de control: g
- Encabezamiento temático o nombre geográfico como elemento de entrada: Pensamiento
670 ## - FUENTE EN LA QUE SE LOCALIZARON DATOS
- Cita de la fuente: Biblioteca del Congreso (Estados Unidos), 23 noviembre 2010 :
- Información localizada: Catálogo electrónico (Perception)
670 ## - FUENTE EN LA QUE SE LOCALIZARON DATOS
- Cita de la fuente: Curle. Místicos y militantes, 1972 :
- Información localizada: p. 39
750 #0 - ASIENTO LIGADO AL ENCABEZAMIENTO - TÉRMINO TEMÁTICO
- Encabezamiento temático: Perception
- Número de control del registro: sh 85099708
902 ## - CATALOGADOR
- Catalogador: BDV/BDV/OGM
